000 00446nam a2200193Ia 4500
008 151119s9999||||xx |||||||||||||| ||und||
082 _a891.463
082 _bGKKV11928
100 _aबोरकर वि ज
245 _aवंश
260 _a--
260 _b--
260 _c0
600 _aबोरकर वि ज
630 _aवंश
700 _aबोरकर वि ज
730 _aवंश
942 _cBOOK
999 _c1065846
_d1065843